000 00447nam a2200145 i 4500
001 20480
003 ES-MaACL
005 20230906152318.0
007 t|
008 021113s1918 sp ||||1| spa d
110 0 0 _aReal Academia Hispanoamericana (Cádiz)
_96343
245 1 0 _aConmemoración de la Fiesta de la Raza /
_cAcademia Hispano-Americana de Ciencias y Artes. Madrid.
260 _aMadrid :
_b[s.n.],
_c1918.
852 _aES-MaACL
_j1521-F-14
999 _c20480
_d20480